000 00442cam a2200169ua 4500
020 _c12.00
041 _aeng
_h
082 _a821.2
_bCER/AD
100 _aCervantes, Miguel De .
245 _aAdventures of Don Quixote: De la mancha /
_cMiguel De Cervantes.
_hTextual Documents
260 _aLondon :
_bJ M Dent and Sons Ltd ,
_c1962.
300 _a371 ; .
365 _a12.00
504 _a
942 _cBK
999 _c4858
_d4858